UBT Library

Small business web sites made easy / (Record no. 485)

000 -LEADER
fixed length control field 00533nam a22002057a 4500
005 - DATE AND TIME OF LATEST TRANSACTION
control field 20140607043556.0
008 - FIXED-LENGTH DATA ELEMENTS--GENERAL INFORMATION
fixed length control field 090202s2009 nyua 001 0 eng
020 ## - INTERNATIONAL STANDARD BOOK NUMBER
International Standard Book Number 9780071614818
024 #0 - OTHER STANDARD IDENTIFIER
Terms of availability eng
080 ## - UNIVERSAL DECIMAL CLASSIFICATION NUMBER
Universal Decimal Classification number 174.4
100 1# - Rafti
Rafti Holzner, Steven.
245 10 - TITLE STATEMENT
Title Small business web sites made easy /
Statement of responsibility, etc Steven Holzner.
250 ## -
-- 1 st.ed.;
260 ## -
-- New York :
-- McGraw-Hill,
-- 2009.
300 ## -
-- 264 f. :
-- me il.;
-- 20 cm.
500 ## -
-- Index f. 249-264
650 #0 -
-- Biznesi
650 #0 -
-- Teknologjia
942 ## - ADDED ENTRY ELEMENTS (KOHA)
Source of classification or shelving scheme
Item type Books
Holdings
Withdrawn status Lost status Source of classification or shelving scheme Damaged status Not for loan Collection code Permanent location Current location Shelving location Date acquired Total Checkouts Full call number Barcode Date last seen Koha item type
          Koleksioni i përgjithshem UBT - Ferizaj UBT - Ferizaj Koleksioni i përgjithshem 06/07/2014   174.4 HOL 003000596 06/07/2014 Books
          Koleksioni i përgjithshem UBT - Ferizaj UBT - Ferizaj Koleksioni i përgjithshem 06/07/2014   174.4 HOL 003000597 06/07/2014 Books
          Koleksioni i përgjithshem UBT - Ferizaj UBT - Ferizaj Koleksioni i përgjithshem 06/07/2014   174.4 HOL 003000598 06/07/2014 Books
          Koleksioni i përgjithshem UBT - Ferizaj UBT - Ferizaj Koleksioni i përgjithshem 06/07/2014   174.4 HOL 003000599 06/07/2014 Books
          Koleksioni i përgjithshem UBT - Ferizaj UBT - Ferizaj Koleksioni i përgjithshem 06/07/2014   174.4 HOL 003000600 06/07/2014 Books
          Koleksioni i përgjithshem UBT - Ferizaj UBT - Ferizaj Koleksioni i përgjithshem 06/07/2014   174.4 HOL 003000601 06/07/2014 Books
          Koleksioni i përgjithshem UBT - Ferizaj UBT - Ferizaj Koleksioni i përgjithshem 06/07/2014   174.4 HOL 003000602 06/07/2014 Books
          Koleksioni i përgjithshem UBT - Ferizaj UBT - Ferizaj Koleksioni i përgjithshem 06/07/2014   174.4 HOL 003000603 06/07/2014 Books
          Koleksioni i përgjithshem UBT - Ferizaj UBT - Ferizaj Koleksioni i përgjithshem 06/07/2014   174.4 HOL 003000604 06/07/2014 Books
          Koleksioni i përgjithshem UBT - Ferizaj UBT - Ferizaj Koleksioni i përgjithshem 06/07/2014   174.4 HOL 003000605 06/07/2014 Books
UBT Library © 2015-2024. All rights reserved University Education for Business and Technology